USA 40K Cities on a Map: Arkansas - Statistics

General Stats
  • This quiz has been taken 9 times
  • The average score is 8 of 10
Answers on the Map
Answers color-coded by a green-red scale on the quiz's map according to % correct below.
 
Answer Stats
Answer % Correct
Little Rock
100%
Fayetteville
86%
Jonesboro
86%
North Little Rock
86%
Conway
71%
Fort Smith
71%
Pine Bluff
71%
Springdale
71%
Bentonville
57%
Rogers
57%
No matching quizzes found
Score Distribution
Percent of People with Each Score
Percentile by Number Answered
Your Score History
You have not taken this quiz